[Event "Borovo op"]
[Site "Borovo"]
[Date "2010.01.06"]
[Round "8"]
[White "Nikolic, Milenko"]
[Black "Bosic, Stanko"]
[Result "1-0"]
[WhiteElo "2078"]
[BlackElo "1889"]
[PlyCount "59"]
[EventDate "2010.01.02"]
[EventType "swiss"]
[EventRounds "9"]
[EventCountry "CRO"]
[SourceTitle "CBM 134 Extra"]
[Source "ChessBase"]
[SourceDate "2010.03.03"]
[SourceVersion "1"]
[SourceVersionDate "2010.03.03"]
[SourceQuality "1"]

1. c4 e5 2. Nc3 Nf6 3. Nf3 d6 4. g3 Be7 5. Bg2 Nc6 6. d3 h6 7. Bd2 a6 8. Rb1 0-0 9. e4 Bg4 10. h3 Be6 11. b4 b6 12. a4 a5 13. b5 Nb8 14. 0-0 Nbd7 15. Kh2 Nc5 16. Be3 Nfd7 17. Ng1 Rc8 18. f4 exf4 19. gxf4 f5 20. Nge2 Rb8 21. Nd4 Qe8 22. Nxe6 Nxe6 23. exf5 Rxf5 24. Be4 Rf8 25. Bd5 Bf6 26. d4 Kh8 27. Qd3 Nd8 28. Rbe1 Nb7 29. Bf2 Qh5 30. Be4 1-0